Najbliższe duże miasto #2 - Statystyki

Ogólne statystyki
  • Ten quiz został rozwiązany 1 129 razy
    1 127 od ostatniego zresetowania
  • Średni wynik to 11 z 20
Statystyki odpowiedzi
Miasto Najbliższe % Poprawnych
Rzym Neapol
87%
Abu Zabi Dubaj
83%
Nicea Marsylia
72%
Kair Aleksandria
70%
Montevideo Buenos Aires
67%
Petersburg Helsinki
66%
Sarajewo Belgrad
65%
Montreal Ottawa
63%
Hawana Miami
62%
Seattle Vancouver
61%
Kopenhaga Hamburg
58%
Brisbane Sydney
58%
Bejrut Damaszek
52%
Baltimore Waszyngton
48%
Calais Londyn
45%
Phnom Penh Ho Chi Minh
34%
San Diego Tijuana
29%
Winnipeg Minneapolis
26%
Basra Kuwejt
23%
Chicago Milwaukee
21%
Nie znaleziono quizów pasujących do podanych kryteriów
Rozkład punktacji
Procent ludzi z każdym wynikiem
Percentyl według liczby udzielonych odpowiedzi
Twoja historia wyników
Nie rozwiązałeś tego quizu od ostatniego zresetowania